LEADER 01226nam0 2200277 450 001 000009151 005 20080310134529.0 100 $a20080310d2005----km-y0itay50------ba 101 0 $aita 102 $aIT 105 $ay---m---001yy 200 1 $a<>ruolo della fiducia e del rischio nella determinazione degli stili di consumo$eun'analisi del comportamento del consumatore di pollo in Italia$fAlessio Cavicchi$gAngela Mariani$gGianluca Stefani 210 $aNapoli$cUniversità degli Studi di Napoli "Parthenope"$d[2005] 215 $aVII, 161$cill.$d30 cm 328 $aTesi di Dottorato di ricerca in: Economia delle risorse alimentari e dell'ambiente (XVIII ciclo) 610 1 $aConsumatori - Comportamento 676 $a658.8342$v21$9Ricerche sul consumatore. Comportamento e psicologia del consumatore 700 1$aCavicchi,$bAlessio$0630766 702 1$aMariani,$bAngela 702 1$aStefani,$bGianluca 712 02$aUniversità degli Studi di Napoli "Parthenope" 801 0$aIT$bUNIPARTHENOPE$c20080310$gRICA$2UNIMARC 912 $a000009151 951 $aTESI-2005/13$cNAVA1$d20080310 996 $aRuolo della fiducia e del rischio nella determinazione degli stili di consumo$91204963 997 $aUNIPARTHENOPE